000
00343nam a2200145Ia 4500
003
OSt
008
191201s2012 xx 000 0 und d
082
_a
621.382 VEW
100
_a
VERMA, Brijesh
245
0
_a
Wireless Communication Systems
260
_a
N. Delhi
_b
SK kataria
_c
2012
300
_a
458
650
_a
B.Tech(ECE)
942
_2
ddc
_c
BK
999
_c
6653
_d
6653